[Event "BL 2016-17"]
[Site "St. Veit/Glan"]
[Date "2017.03.23"]
[Round "5"]
[White "Kranz, Armin"]
[Black "Schneider-Zinner, Harald"]
[Result "1/2-1/2"]
[WhiteElo "2068"]
[BlackElo "2382"]
[Annotator "TA"]
[PlyCount "66"]
[EventDate "2017.??.??"]
[EventType "team-tourn"]
[EventCountry "AUT"]
[SourceTitle "playchess.com"]
[Source "ChessBase"]
[SourceQuality "1"]
[WhiteTeam "Götzis"]
[BlackTeam "Wien-SK Ottakring"]

{[%evp 16,66,26,0,31,0,11,-31,-25,-33,-39,-99,-98,-155,-146,-189,-241,-219,-128,-147,-138,-134,-108,-114,-94,-137,-134,-171,-160,-175,-147,-175,-167,-204,-197,-334,-333,-361,-291,-396,-325,-450,-446,-381,-377,-563,-521,-745,-744,-720,-719,-683,-704]} 1. d4 d5 2. c4 e6 3. Nf3 Nf6 4. g3 c6 5. Bg2 Be7 6. Qc2 O-O 7. O-O b6 8. Rd1 Nbd7 9. b3 a5 {E08: Closed Catalan: Main Line: 7 Qc2} (9... h6 10. Bb2 Bb7 11. Nc3 Qc7 12. Rac1 Rac8 13. e4 dxe4 14. Nxe4 c5 15. Nxf6+ Nxf6 16. dxc5 Bxc5 17. Ne5 Bxg2 18. Kxg2 {0-1 (45) Cheparinov,I (2677)-Harikrishna,P (2752) Monzon 2016}) 10. Nc3 Ba6 11. Ne5 (11. Nd2 $5 {creates asymmetry.} Rc8 12. e3 b5 13. c5 b4 14. Na4) 11... Nxe5 {Black is slightly better.} 12. dxe5 Ng4 13. cxd5 $146 (13. Bb2 $15) (13. Bb2 Qc7 14. cxd5 cxd5 15. Rac1 Bc5 16. e3 Rac8 17. Qd2 Nxe5 {0-1 (40) Milchev,N (2200)-Karakehajov,K (2330) Sofia 2004}) 13... cxd5 $17 (13... exd5 $6 14. Bb2 $14) 14. Nxd5 (14. h3 $142 Nxe5 15. Qb2) 14... exd5 15. Bxd5 {Black should prevent Bf3.} Bc5 ({Don't take} 15... Nxe5 16. Bb2 Bf6 17. Bxf7+ $1 {[%mdl 512]} Rxf7 18. Rxd8+ Rxd8 19. f4 $15) 16. e3 {[#]} Qc8 ({Weaker is} 16... Nxe5 17. Bb2 Qc7 18. Qc3 $15) (16... Rb8 $1 $19 {And now ...Qg5 would win.} 17. Qf5 (17. Bxf7+ $2 Rxf7 18. Rxd8+ Rxd8 $19) 17... Be2) 17. Qe4 Ra7 {...Re7 is the strong threat.} 18. Bb2 Re7 {White must now prevent ...Nf6!} 19. Qf4 Nh6 20. Rac1 Qg4 21. Rd2 Qxf4 22. gxf4 Rd8 23. e4 Kf8 24. Kg2 Red7 25. Kf3 {[#]} (25. Bc3 $142) 25... Nf5 $1 $19 {[%mdl 512]} 26. Rcd1 (26. exf5 Rxd5) 26... Ne7 27. Bc3 Nxd5 28. exd5 Bb7 29. Ke4 g6 30. f3 (30. a4 {is a better defense.}) 30... Ke7 {Black is clearly winning.} 31. h3 {[#]} Rxd5 $1 {[%mdl 512]} 32. Rxd5 Rxd5 33. Rxd5 Ke6 {[%mdl 32768] An unexpected result.} 1/2-1/2